Catálogo

LA RELIGION (Registro nro. 6315)

Detalles MARC
000 -LEADER
fixed length control field 00522nam a2200193 a 4500
001 - CONTROL NUMBER
control field 6315
005 - DATE AND TIME OF LATEST TRANSACTION
control field 20180713190153.0
008 - FIXED-LENGTH DATA ELEMENTS--GENERAL INFORMATION
fixed length control field 140415s1966 000 0 spa d
041 ## - LANGUAGE CODE
Language code of text/sound track or separate title spa
082 ## - DEWEY DECIMAL CLASSIFICATION NUMBER
Classification number 200
Item number MIC
100 1# - MAIN ENTRY--PERSONAL NAME
Personal name MICKLEN, NATHANIEL
245 13 - TITLE STATEMENT
Title LA RELIGION
250 ## - EDITION STATEMENT
Edition statement 3a ed.
260 ## - PUBLICATION, DISTRIBUTION, ETC.
Place of publication, distribution, etc. [s.l.] :
Name of publisher, distributor, etc. FONDO DE CULTURA ECONOMICA,
Date of publication, distribution, etc. 1966
300 ## - PHYSICAL DESCRIPTION
Extent 218
490 ## - SERIES STATEMENT
Series statement BREVIARIOS DEL FONDO DE CULTURA ECONOMICA
Volume/sequential designation 23
650 14 - SUBJECT ADDED ENTRY--TOPICAL TERM
Topical term or geographic name entry element RELIGION
700 1# - ADDED ENTRY--PERSONAL NAME
Personal name HERNANDEZ BORROSO, V. ADIB Y
Relator term tr.
Existencias
Withdrawn status Lost status Source of classification or shelving scheme Damaged status Not for loan Collection code Home library Current library Shelving location Date acquired Source of acquisition Inventory number Total Checkouts Full call number Barcode Date last seen Price effective from Koha item type
    Dewey Decimal Classification     General Biblioteca Karol Wojtyla Biblioteca Karol Wojtyla Sala general 03/12/2013 Compra 151000000000000000057156   200 MIC 1877 05/01/2026 03/12/2013 Libro